| 000 | 00847nam a2200241 i 4500 | ||
|---|---|---|---|
| 001 | 100610 | ||
| 003 | ES-MaACL | ||
| 005 | 20250806060942.0 | ||
| 007 | t| | ||
| 008 | 050930s1912 sp ||||1| spa d | ||
| 100 | 1 |
_aMata, Pedro, _d1811-1877 _978886 |
|
| 245 | 1 | 0 |
_aTratado teórico-práctico de medicina legal y toxicología / _cpor el Dr. D. Pedro Mata. |
| 250 | _a6ª ed. | ||
| 260 |
_aMadrid : _bBailly-Baillière, _c1912. |
||
| 300 |
_a5 v. ; _c22 cm. |
||
| 505 | 8 | _aContiene: I-III. La medicina legal / por Lozano Caparrós - IV-V. La toxicología / por Adriano Alonso Martínez | |
| 650 | 7 |
_aMedicina legal _2embne _914928 |
|
| 650 | 4 |
_aToxicología. _9136941 |
|
| 700 | 1 |
_aLozano Caparrós, Eduardo. _974436 |
|
| 700 | 1 |
_aAlonso Martínez, Adriano. _920353 |
|
| 852 |
_aES-MaACL _jF-14617-21 |
||
| 999 |
_c100610 _d100610 |
||